ARRUPE JESUIT UNIVERSITY

CORONAVIRUS -STOP THE SPREAD - CLEAN,DISINFECT,COVER

Adult religious education : (Record no. 118005)

MARC details
000 -LEADER
fixed length control field 00882cam a2200241 a 4500
001 - CONTROL NUMBER
control field 1938196
003 - CONTROL NUMBER IDENTIFIER
control field ARRUPE
005 - DATE AND TIME OF LATEST TRANSACTION
control field 20130924173247.0
008 - FIXED-LENGTH DATA ELEMENTS--GENERAL INFORMATION
fixed length control field 860318s1984 enka b 000 0 eng
010 ## - LIBRARY OF CONGRESS CONTROL NUMBER
LC control number 86132709
020 ## - INTERNATIONAL STANDARD BOOK NUMBER
International Standard Book Number 0855973641 (pbk.)
040 ## - CATALOGING SOURCE
Original cataloging agency DLC
Transcribing agency DLC
Modifying agency DLC
050 00 - LIBRARY OF CONGRESS CALL NUMBER
Classification number BX921
Item number .B838 1984
300 ## - PHYSICAL DESCRIPTION
Other physical details ill. ;
Dimensions 21 cm.
100 1# - MAIN ENTRY--PERSONAL NAME
Personal name Brennan, Gemma.
9 (RLIN) 1107
245 10 - TITLE STATEMENT
Title Adult religious education :
Remainder of title theory to practice /
Statement of responsibility, etc by Gemma Brennan and Kevin Cronin ; illustrations by HARO ; with a foreword by David Konstant and a postscript by Tony McCaffry.
260 ## - PUBLICATION, DISTRIBUTION, ETC. (IMPRINT)
Place of publication, distribution, etc Great Wakering, Essex, England :
Name of publisher, distributor, etc Mayhew McCrimmon,
Date of publication, distribution, etc 1984.
300 ## - PHYSICAL DESCRIPTION
Extent 95 p. :
504 ## - BIBLIOGRAPHY, ETC. NOTE
Bibliography, etc Includes bibliographies.
650 #0 - SUBJECT ADDED ENTRY--TOPICAL TERM
Topical term or geographic name as entry element Christian education of adults.
9 (RLIN) 1108
700 1# - ADDED ENTRY--PERSONAL NAME
Personal name Cronin, Kevin,
Titles and other words associated with a name Father.
9 (RLIN) 1109
906 ## - LOCAL DATA ELEMENT F, LDF (RLIN)
a 7
b cbc
c orignew
d 3
e ncip
f 19
g y-gencatlg
942 ## - ADDED ENTRY ELEMENTS (KOHA)
Source of classification or shelving scheme Library of Congress Classification
Koha item type Monograph ( Printed materials)
Holdings
Withdrawn status Lost status Source of classification or shelving scheme Damaged status Not for loan Collection code Home library Current library Shelving location Date acquired Total Checkouts Full call number Barcode Date last seen Price effective from Koha item type
    Library of Congress Classification     Main Collection ARRUPE LIBRARY ARRUPE LIBRARY Main Collection 24/09/2013   BX921 .B838 1984 46407556 22/11/2017 24/09/2013 Monograph ( Printed materials)

 

Arrupe Library. PO Box MP320 Mt Pleasant, Harare, Zimbabwe
263 242 745411|librarian@aju.ac.zw